Statistiken für Alle VfB Stuttgart Spieler seit 2014

Klicken Sie hier um das Quiz zu spielen!

Allgemein

  • Dieses Quiz wurde 115 mal gespielt
    (27 seit der letzten Aktualisierung)
  • Das Durchschnittsergebnis liegt bei 40 aus 152

Antwortstatistiken

PositionNationNummer/nSpieler% Korrekt
TorwartDeutschland33Alexander Nübel
91%
TorwartSchweiz1Gregor Kobel
91%
StürmerGuinea9Serhou Guirassy
86%
StürmerDeutschland26Deniz Undav
82%
TorwartDeutschland33/1Fabian Bredlow
82%
TorwartDeutschland1Florian Müller
82%
StürmerDeutschland27Mario Gomez
82%
TorwartAustralien1Mitchell Langerak
82%
AbwehrDeutschland2Waldemar Anton
77%
AbwehrJapan37/21Hiroki Ito
73%
MittelfeldJapan3Wataru Endo
73%
MittelfeldDeutschland6Angelo Stiller
64%
StürmerDR Kongo14Silas Katompa Mvumpa
64%
MittelfeldDeutschland16Atakan Karazor
59%
AbwehrKroatien24Borna Sosa
59%
AbwehrDeutschland7Maximilian Mittelstädt
59%
StürmerDeutschland22/27Chris Führich
55%
AbwehrFrankreich23Dan-Axel Zagadou
55%
StürmerDeutschland18Jamie Leweling
55%
StürmerArgentinien22Nicolás González
55%
StürmerÖsterreich9Saša Kalajdžić
55%
TorwartDeutschland1Sven Ulreich
55%
StürmerDeutschland19Timo Werner
55%
MittelfeldDeutschland17Tobias Werner
55%
AbwehrGriechenland5Konstantinos Mavropanos
50%
AbwehrDeutschland15Pascal Stenzel
50%
MittelfeldDeutschland20Christian Gentner
45%
MittelfeldFrankreich8Enzo Millot
45%
TorwartDeutschland42Florian Schock
45%
StürmerSerbien19Jovan Milošević
45%
TorwartPolen22Przemysław Tytoń
45%
AbwehrFrankreich21Benjamin Pavard
41%
TorwartDeutschland41Dennis Seimen
41%
AbwehrArgentinien2Emiliano Insúa
41%
AbwehrDeutschland4Josha Vagnoman
41%
MittelfeldDeutschland25Lilian Egloff
41%
StürmerÄgypten17Omar Marmoush
41%
MittelfeldBelgien23Orel Mangala
41%
StürmerSüdkorea10Woo-yeong Jeong
41%
AbwehrFrankreich29Anthony Rouault
36%
MittelfeldSerbien18Filip Kostic
36%
MittelfeldJapan17Genki Haraguchi
36%
TorwartDeutschland13Jens Grahl
36%
TorwartGriechenland17Odisseas Vlachodimos
36%
TorwartDeutschland16/1Ron-Robert Zieler
36%
MittelfeldArgentinien6Santiago Ascacibar
36%
StürmerDeutschland9Simon Terodde
36%
MittelfeldRumänien44Alexandru Maxim
32%
StürmerGriechenland14/11Anastasios Donis
32%
StürmerDR Kongo19Chadrac Akolo
32%
MittelfeldDeutschland10Daniel Didavi
32%
StürmerDeutschland33Daniel Ginczek
32%
MittelfeldElfenbeinküste26Geoffroy Serey Dié
32%
AbwehrSchweiz20Leonidas Stergiou
32%
StürmerÖsterreich7Martin Harnik
32%
MittelfeldDänemark28Nikolas Nartey
32%
MittelfeldTürkei31Berkay Özcan
27%
AbwehrJapan2Gōtoku Sakai
27%
AbwehrDeutschland28Holger Badstuber
27%
MittelfeldDeutschland36Laurin Ulrich
27%
MittelfeldDeutschland32Roberto Massimo
27%
StürmerDeutschland30Roberto Massimo
27%
AbwehrBosnien- Herzegowina4Toni Šunjić
27%
MittelfeldPortugal15Carlos Mané
23%
MittelfeldNordmazedonien19Darko Churlinov
23%
MittelfeldDeutschland17/11Erik Thommy
23%
AbwehrÖsterreich16Florian Klein
23%
MittelfeldDeutschland8Gonzalo Castro
23%
StürmerKolumbien11Juan José Perea
23%
MittelfeldDeutschland31Mareo Klimowicz
23%
StürmerNiederlande44Mohamed sankoh
23%
StürmerNorwegen25Mohammed Abdellaoue
23%
MittelfeldFrankreich32Naouirou Ahamada
23%
StürmerBosnien- Herzegowina9Vedad Ibišević
23%
AbwehrTschechien21Adam Hloušek
18%
AbwehrDeutschland24Antonio Rüdiger
18%
MittelfeldEcuador11Carlos Gruezo
18%
MittelfeldGhana22Ebenezer Ofori
18%
MittelfeldDeutschland19Kevin Großkreutz
18%
AbwehrEngland5Nathaniel Phillips
18%
MittelfeldSpanien13Oriol Romeu
18%
AbwehrTürkei18Ozan Kabak
18%
MittelfeldDeutschland20Philipp Förster
18%
MittelfeldSchweiz9Steven Zuber
18%
StürmerJapan11Takuma Asano
18%
StürmerPortugal18/10Tiago Tomás
18%
AbwehrDeutschland32/5Timo Baumgartl
18%
StürmerFrankreich50Alexis Tibidi
14%
StürmerAustralien27Alou Kuol
14%
AbwehrDeutschland23/26/37Antonis Aidonis
14%
MittelfeldEngland6Clinton Mola
14%
AbwehrDeutschland3Dennis Aogo
14%
AbwehrDeutschland6Georg Niedermeier
14%
StürmerPortugal31Gil Dias
14%
StürmerUSA37Julian Green
14%
AbwehrRussland34Konstantin Rausch
14%
AbwehrDeutschland4Marc-Oliver Kempf
14%
MittelfeldDeutschland21Philipp Klement
14%
StürmerFrankreich7Tanguy Coulibaly
14%
TorwartDeutschland22Thorsten Kirschbaum
14%
StürmerDeutschland14Alexander Esswein
9%
TorwartDeutschland26Alexander Meyer
9%
AbwehrDeutschland32Andreas Beck
9%
MittelfeldSchweiz8Anto Grgić
9%
StürmerUkraine23Artem Kravets
9%
TorwartDeutschland32Benjamin Uphoff
9%
AbwehrItalien24Frederico Barba
9%
StürmerMarokko18Hamadi Al Ghaddioui
9%
StürmerDänemark34Jacob Bruun Larsen
9%
StürmerTschechien39Jan Kliment
9%
AbwehrDeutschland6Jean Zimmer
9%
MittelfeldUSA29Joel Soñora
9%
StürmerKroatien24Josip Brekalo
9%
AbwehrTunesien5Karim Haggui
9%
StürmerDeutschland20Luca Pfeiffer
9%
AbwehrPolen35Marcin Kamiński
9%
MittelfeldDeutschland27Mart Ristl
9%
MittelfeldDeutschland37/25Matthias Zimmermann
9%
StürmerGuinea29Momo Cissé
9%
AbwehrSpanien7Pablo Maffeo
9%
StürmerDeutschland39/22Thomas Kastanaras
9%
StürmerDänemark19Wahid Faghir
9%
AbwehrDeutschland3Daniel Schwaab
5%
MittelfeldDeutschland24Dženis Burnić
5%
StürmerUSA42Jerome Kiesewetter
5%
AbwehrFrankreich4Jérôme Onguéné
5%
StürmerDeutschland25Leon Dajaku
5%
AbwehrDeutschland36Luca Mack
5%
MittelfeldDeutschland8Lukas Rupp
5%
MittelfeldDeutschland5Mahmoud Dahoud
5%
MittelfeldDeutschland28Marvin Wanitzek
5%
MittelfeldDeutschland8Moritz Leitner
5%
MittelfeldTürkei34/30Ömer Beyaz
5%
AbwehrDeutschland14Philip Heise
5%
MittelfeldDeutschland39Robin Yalcin
5%
MittelfeldDeutschland31Ariabit Ferati
0%
StürmerUkraine34Borys Tashchy
0%
AbwehrDeutschland38David Grözinger
0%
MittelfeldPolen29David Kopacz
0%
MittelfeldDeutschland49Falko Michel
0%
MittelfeldGhana18Hans Nunoo Sarpei
0%
AbwehrDeutschland48Leon Reichardt
0%
AbwehrDeutschland43/29Luca Bazzoli
0%
MittelfeldDeutschland40Luca Reimund
0%
AbwehrDeutschland34Mattis Hoppe
0%
AbwehrDeutschland17Maxime Awoudja
0%
TorwartSchweiz44Nicolas Glaus
0%
MittelfeldDeutschland39Nicolás Sessa
0%
MittelfeldDeutschland47Richard Weil
0%
MittelfeldTürkei23Sercan Sararer
0%
AbwehrDeutschland41Stephen Sama
0%
AbwehrDeutschland27Tim Leipold
0%

Verteilung der Resultate

Perzentil nach korrekt beantworteten Fragen

Anzahl Personen mit jedem Resultat

Ihre Resultats-Entwicklung

Sie haben dieses Quiz seit der letzten Aktualisierung nicht gespielt